000 00539nam a2200181Ia 4500
008 090124s9999 xx 000 0 und d
082 _b28375
_a1894
100 _aवडनेरकर अलका
245 _a सुंदर मी होणार
250 _a0
260 _c1995
300 _a108
600 _aवडनेरकर अलका
630 _a सुंदर मी होणार
700 _aवडनेरकर अलका
730 _a सुंदर मी होणार
942 _cBOOK
999 _c141837
_d141837